| 000 | 01376nam a22002897a 4500 | ||
|---|---|---|---|
| 999 |
_c100587 _d100587 |
||
| 005 | 20190917105154.0 | ||
| 010 | _a1617CH-EN B-706484 | ||
| 020 |
_a9780143333166 _c199.00 |
||
| 035 | _aB-642761-782 | ||
| 035 | _aB-664832 | ||
| 035 | _aB-706484 | ||
| 035 | _aB-730005 | ||
| 037 |
_aDPL _bBSB/ven |
||
| 037 | _bGift | ||
| 082 | _aS | ||
| 100 | _aMurty, Sudha | ||
| 245 |
_aThe magic of the lost temple / _cby Sudha Murty; illustrated by Priyankar Gupta |
||
| 260 |
_aGurgaon _bPuffin Books _c2015 |
||
| 270 |
_a7th Floor, Infinity Tower C, DLF Cyber City, _bGurgaon _e122002 |
||
| 300 |
_a203p. _c20cm (pbk) |
||
| 700 | _aGupta, Priyankar | ||
| 942 |
_2ddc _cCH _mMUR _hS |
||